Comentarios al código civil y compilaciones forales
Saved in:
| Main Authors: | , |
|---|---|
| 格式: | 圖書 |
| 語言: | 西班牙语 |
| 出版: |
Madrid
Revista de Derecho Privado
1999
|
| 版: | 2a. ed |
| 主題: | |
| 標簽: |
添加標簽
沒有標簽, 成為第一個標記此記錄!
|
MARC
| LEADER | 00000nam a2200000 a 4500 | ||
|---|---|---|---|
| 001 | UCP3161 | ||
| 003 | CL-VaPUC | ||
| 008 | 990611e19990000SP |||||||||||||||||spa|d | ||
| 082 | 0 | 4 | |a 346.46 |b ALB |2 21 |
| 100 | 0 | |a Albaladejo García, Manuel |e author |9 430331 | |
| 700 | 0 | |a Díaz Alabart, Silvia |e author |9 430332 | |
| 245 | 1 | 0 | |a Comentarios al código civil y compilaciones forales |
| 250 | |a 2a. ed | ||
| 300 | |a v | ||
| 942 | |c BK | ||
| 945 | |d 19990611 00:00:00 |a vberengu | ||
| 260 | |a Madrid |b Revista de Derecho Privado |c 1999 | ||
| 500 | |a t.18 v.2: artículos 1.344 a 1.410 del Código Civil | ||
| 650 | 0 | |a Derecho civil |9 255013 | |
| 650 | 0 | |a Código civil |9 256135 | |
| 650 | 0 | |a Sociedades |9 259052 | |
| 650 | 7 | |a BIENES GANANCIALES |2 CL-VaPUC |9 333667 | |
| 650 | 0 | |a Bienes |9 255749 | |
| 650 | 7 | |a MATRIMONIO |2 CL-VaPUC |9 430333 | |
| 650 | 7 | |a DEBERES CONYUGALES |2 CL-VaPUC |9 430334 | |
| 651 | 0 | |a España |9 254926 | |
| 583 | |a last modification |c 20190710 04:52:13 |k Rodrigo Vera | ||
| 999 | |c 281583 |d 281581 | ||
| 952 | |0 0 |1 0 |4 0 |6 346_460000000000000_ALB_1999 |7 0 |8 A |9 322437 |a BIBDER |b BIBDER |d 2019-11-20 |h t.18 v.2 |i 3529363 |o 346.46 ALB 1999 |p 3529363 |r 2023-01-25 |w 2019-11-20 |y BK |k DER | ||